Normal view
MARC view
Entry Término temático
001 - NÚMERO DE CONTROL
- campo de control: 8110
003 - IDENTIFICADOR DEL NÚMERO DE CONTROL
- campo de control: FranzMayer
005 - FECHA Y HORA DE LA ÚLTIMA TRANSACCIÓN
- campo de control: 20190320204027.0
008 - DATOS DE LONGITUD FIJA
- campo de control de longitud fija: 190320|| aca||aabn | a|a d
040 ## - FUENTE DE LA CATALOGACIÓN
- Centro catalogador/agencia de origen: FranzMayer
- Centro/agencia transcriptor: FranzMayer
150 ## - ENCABEZAMIENTO--TÉRMINO DE MATERIA
- Término de materia o nombre geográfico como elemento de entrada: México
- Subdivisión general: Vida social y costumbres
670 ## - FUENTE DE DATOS ENCONTRADOS
- Cita de la fuente: Work cat.: (FranzMayer): Sainz de Alfaro y Beaumont, Isidoro 8107, Circular que dirige el señor gobernador de la Sagrada Mitra á los parrocos, eclesiasticos y fieles cristianos del Arzobispado de México, sobre erección de cementerios fuera de las poblaciones, 1809